[Event "World Rapid Team 2023"]
[Site "Dusseldorf GER"]
[Date "2023.08.28"]
[Round "12.18"]
[Board "5"]
[White "Bohatyrova, Mariia"]
[Black "Ahn, Maximilian"]
[Result "0-1"]
[WhiteElo "1398"]
[BlackElo "1690"]
[WhiteTeam "Deutsche Schachjugend 2"]
[BlackTeam "Aachener Schachverein von 1856"]
[WhiteFideId "34165789"]
[BlackFideId "255840"]
[EventDate "2023.08.26"]

1. e4 c5 2. b4 cxb4 3. Bb2 Nc6 4. d4 d5 5. exd5 Qxd5 6. c4 bxc3 7. Nxc3 Qd8 8.
d5 Nb8 9. Nf3 Nf6 10. Bb5+ Bd7 11. Bc4 g6 12. O-O Bg7 13. Qb3 b6 14. d6 O-O 15.
dxe7 Qxe7 16. Ba3 Qd8 17. Bxf8 Qxf8 18. Ng5 Nc6 19. Nxf7 Na5 20. Ne5+ Kh8 21.
Qc2 Nxc4 22. Nxc4 Rc8 23. Ne3 Ng4 24. Ned1 Qf4 25. g3 Qh6 26. h4 g5 27. Ne3 Nxe3
28. fxe3 Rxc3 29. Qg2 Qd6 30. Qa8+ Rc8 31. Qg2 Bxa1 32. Rxa1 Re8 33. Re1 gxh4
34. Qb2+ Kg8 35. gxh4 Qg3+ 36. Qg2 Qxg2+ 37. Kxg2 Re4 38. Rg1 Rg4+ 39. Kf2 Rxg1
40. Kxg1 Kf7 41. Kf2 Kg6 42. Kg3 Kf5 43. a3 Ke4 44. Kf2 a5 45. Ke2 b5 46. Kf2 b4
47. axb4 axb4 48. Ke2 b3 49. Kd2 Be6 50. h5 h6 51. Kc3 Kxe3 52. Kb2 Kf4 53. Kc3
Kg5 54. Kb2 Kxh5 0-1